Predestination & freewill : four views f divine sovereignty & human freedom by / (Record no. 73877)

MARC details
000 -LEADER
fixed length control field 00581nam a22001817a 4500
003 - CONTROL NUMBER IDENTIFIER
control field PILC
005 - DATE AND TIME OF LATEST TRANSACTION
control field 20231011154054.0
008 - FIXED-LENGTH DATA ELEMENTS--GENERAL INFORMATION
fixed length control field 231011b |||||||| |||| 00| 0 eng d
010 ## - LIBRARY OF CONGRESS CONTROL NUMBER
LC control number Acc#47688
020 ## - INTERNATIONAL STANDARD BOOK NUMBER
International Standard Book Number 0877845670
040 ## - CATALOGING SOURCE
Transcribing agency Philippine Baptist Theological Seminary
050 ## - LIBRARY OF CONGRESS CALL NUMBER
Classification number BT 810.2
Item number P91 1986
245 ## - TITLE STATEMENT
Title Predestination & freewill : four views f divine sovereignty & human freedom by /
264 ## - PRODUCTION, PUBLICATION, DISTRIBUTION, MANUFACTURE, AND COPYRIGHT NOTICE
Place of production, publication, distribution, manufacture United States of America :
Name of producer, publisher, distributor, manufacturer Inter Varsity Press,
Date of production, publication, distribution, manufacture, or copyright notice ©1986.
300 ## - PHYSICAL DESCRIPTION
Extent 179 pages ;
Dimensions 16cm.
501 ## - WITH NOTE
With note Includes bibliographical references
942 ## - ADDED ENTRY ELEMENTS (KOHA)
Source of classification or shelving scheme Library of Congress Classification
Koha item type Circulation Books
Holdings
Withdrawn status Lost status Source of classification or shelving scheme Damaged status Not for loan Home library Current library Shelving location Date acquired Source of acquisition Total Checkouts Full call number Barcode Date last seen Price effective from Koha item type
    Library of Congress Classification     PBTS Library PBTS Library Circulation Section 10/11/2023 Gift   BT 810.2 P91 1986 47688 03/17/2026 10/11/2023 Circulation Books

Philippine Baptist Theological Seminary | 19 Tacay Road, Central Guisad, Baguio City 2600, Philippines